Detalles MARC
| 000 -LIDER |
| fixed length control field |
01068nam a22002897a 4500 |
| 003 - IDENTIFICACDOR DE NÚMERO DE CONTROL |
| control field |
DO-SdBNP |
| 005 - DATE AND TIME OF LATEST TRANSACTION |
| control field |
20240703100409.0 |
| 008 - ELEMENTOS DE LONGITUD FIJA |
| fixed length control field |
171108b2006 cl || 00| 0 spa d |
| 020 ## - ISBN |
| International Standard Book Number |
0789913488 |
| 040 ## - FUENTE DE CATALOGACIÓN |
| Agencia que crea de manera original el registro |
BPMSU |
| Idioma de catalogación |
spa |
| Agencia que realiza la transcripción |
BPMSU |
| 082 #4 - NÚMERO DE CLASIFICACIÓN DECIMAL DE DEWEY |
| Classification number |
306.85 |
| Item number |
S787a 2006 |
| Edition number |
22 |
| 100 1# - ASIENTO PRINCIPAL -- NOMBRE PERSONAL |
| Nombre personal |
Stanley, Andy |
| 245 10 - MENCIÓN DE TITULO |
| Título |
¿A quien le hare trampas? / |
| Mención de responsabilidad |
Andy Stanley ; Traducido al español por: Andrés carrodeguas ; prólogo John Maxwell |
| Subtítulo |
|
| 246 14 - VARIACION DEL TÍTULO |
| Título propiamente dicho o título corto |
¿A quién le hare trampas? : |
| Subtítulo |
quién gana cuando la familia y el trabajo se enfrentan |
| 260 ## - PUBLICACIÓN, DISTRIBUCIÓN, ETC. (PIE DE IMPRENTA) |
| Lugar de publicación, distribución, etc |
Colombia : |
| Nombre del editor, distribuidor, etc. |
Editorial Unilit, |
| Fecha de publicación, distribución, etc |
2003. |
| 300 ## - DESCRIPCIÓN FÍSICA |
| Extensión |
146 p. ; |
| Dimensiones |
21 cm. |
| 490 0# - MENCIÓN DE SERIES |
| Mención de serie |
FranklinCovey |
| 534 ## - NOTA SOBRE LA VERSIÓN ORIGINAL |
| Frase introductoria |
Título original. : |
| Mención del título original |
Life matters. Creating a dynamic balance of work, family, time, and money. |
| 590 ## - NOTA LOCAL |
| Texto de la nota local |
Inventariado, 2024/VM |
| 650 #4 - ENCABEZAMIENTO DE MATERIA--TEMÁTICO |
| Término temático o nombre geográfico como elemento de entrada |
Trabajo y familia. |
| 650 #4 - ENCABEZAMIENTO DE MATERIA--TEMÁTICO |
| Término temático o nombre geográfico como elemento de entrada |
Psicología aplicada |
| 650 #4 - ENCABEZAMIENTO DE MATERIA--TEMÁTICO |
| Término temático o nombre geográfico como elemento de entrada |
Uso del tiempo |
| 700 1# - ASIENTO SECUNDARIO -- NOMBRE PERSONAL |
| Nombre personal |
carrodeguas, Andrés ; |
| Fechas asociadas con el nombre |
traductor |
| 700 1# - ASIENTO SECUNDARIO -- NOMBRE PERSONAL |
| Nombre personal |
Maxwell, John |
| Mención de responsabilidad |
prólogo |
| 910 ## - VALIDACIÓN |
| Validación |
VMateo V. Control de calidad. BPMSU |
| 942 ## - ADDED ENTRY ELEMENTS (KOHA) |
| Source of classification or shelving scheme |
Dewey Decimal Classification |
| Koha item type |
Libros |